• 首页
  • 本馆介绍
  • 公告通知
  • 最新文献
  • 馆藏检索
  • 电子资源
  • 读者导购
  • 参考咨询
  • 我的图书馆
  • 登录
  • 详细信息显示
  • 放入我的书架
  • 预约/预借图书
  • 作者相关作品
  • 分类相关作品
  • 丛书相关作品
  • 出版社相关作品

书目信息

  • 表格格式
  • 工作单格式
  • 卡片格式
题名:
简明元素化学
    
 
作者: 郑利民 , 朱声逾 编
分册:  
出版信息: 北京   化学工业出版社  1999
页数: 222页
开本: 26cm
丛书名:
单 册:
中图分类: O612
科图分类:
主题词: 化学元素--高等学校--教材
电子资源:
ISBN: 7-5025-2499-1
000 00708nam0 2200253 45
001 0199064599
005 20031219104111.1
010    @a7-5025-2499-1@dCNY19.00
100    @a19991103d1999 em y0chiy0121 ea
101 0  @achi
102    @aCN@b110000
105    @ay z 000yy
106    @ar
200 1  @a简明元素化学@Ajian ming yuan su hua xue@f郑利民,朱声逾编
210    @a北京@c化学工业出版社@d1999
215    @a222页@d26cm
300    @a高等学校教材
510 1  @aConcise element chemistry@zeng
606    @a化学元素@x高等学校@x教材
690    @aO612@v4
701  0 @a郑利民@Azheng li min@4编
701  0 @a朱声逾@Azhu sheng yu@4编
801    @aCN@bTSTC@c20030616
905    @b323990-994@dO612@f5@e4
    
    简明元素化学/郑利民,朱声逾编.-北京:化学工业出版社,1999
    222页;26cm
    高等学校教材
    
    ISBN 7-5025-2499-1:CNY19.00
    
●
相关链接 在E读中查询图书 在五车中查询图书 在当当中查询图书 在豆瓣中查询图书


正题名:简明元素化学     索取号:O612/4         预约/预借

序号 登录号 条形码 馆藏地/架位号 状态 备注
1 0323990   203239904   第三借阅区/ [索取号:O612/4] 在馆    
2 0323991   203239913   第三借阅区/ [索取号:O612/4] 在馆    
3 0323992   203239922   第三借阅区/ [索取号:O612/4] 在馆    
4 0323993   203239931   第三借阅区/ [索取号:O612/4] 在馆    
5 0323994   203239940   第二样本阅览室/ [索取号:O612/4] 在馆    
唐山师范学院图书馆 欢迎您!
大连网信软件有限公司© 版权所有